| 000 | 00345nam a22001337a 4500 | ||
|---|---|---|---|
| 040 | _cNUST | ||
| 082 |
_a625.76 _bMOD |
||
| 100 |
_aFietz, Ken _9118662 |
||
| 245 |
_aMaintenance Practices : _bModule 7 A / _cKen Fietz |
||
| 260 |
_aUnited State : _bAircraft Technical Book Company; _c2016p. |
||
| 300 | _a525p. | ||
| 521 | _bHB | ||
| 942 |
_2ddc _cBK |
||
| 999 |
_c606841 _d606841 |
||